[Event "Pfalz op-B 11th"]
[Site "Neustadt an der Weinstrasse"]
[Date "2020.02.22"]
[Round "2"]
[White "Udaykumar, Arunn Mark"]
[Black "Czappa, Fabian Alexander"]
[Result "1/2-1/2"]
[WhiteElo "1704"]
[BlackElo "1805"]
[PlyCount "111"]
[EventDate "2020.02.21"]
[EventType "swiss"]
[EventRounds "7"]
[EventCountry "GER"]
[SourceTitle "CBM 195 Extra"]
[Source "ChessBase"]
[SourceDate "2020.05.31"]
[SourceVersion "1"]
[SourceVersionDate "2020.05.31"]
[SourceQuality "1"]

1. e4 e5 2. Nf3 Nc6 3. Bc4 Bc5 4. 0-0 Nf6 5. d4 Bxd4 6. Nxd4 Nxd4 7. f4 d6 8. fxe5 dxe5 9. Bg5 Be6 10. Na3 Qe7 11. c3 Bxc4 12. Bxf6 gxf6 13. Nxc4 Ne6 14. b4 Rg8 15. Ne3 c6 16. Nf5 Qd8 17. Nd6+ Ke7 18. Nf5+ Ke8 19. Kh1 Qxd1 20. Raxd1 Ng5 21. Nd6+ Ke7 22. h4 Ne6 23. Nf5+ Ke8 24. Nd6+ Ke7 25. Nxb7 Rg4 26. Nc5 Rxh4+ 27. Kg1 Rf4 28. Rxf4 Nxf4 29. Rd7+ Ke8 30. Kf1 Ne6 31. Rd6 Nxc5 32. bxc5 Rd8 33. Rxc6 Rd3 34. Ra6 Rxc3 35. c6 Rc4 36. a4 Rxe4 37. Rxa7 Rc4 38. c7 Kd7 39. c8Q+ Kxc8 40. Rxf7 Rxa4 41. Ke2 Kd8 42. Rxf6 Ra7 43. g4 Ke7 44. g5 Rd7 45. Rh6 Kf8 46. Re6 Re7 47. Rf6+ Rf7 48. Rh6 Kg7 49. Ke3 Rf4 50. Re6 Rf5 51. Ke4 Rxg5 52. Rxe5 Rg1 53. Kf3 Kf6 54. Rb5 Rc1 55. Kg4 Rc4+ 56. Kh5 1/2-1/2

[Event "GER-ch U25-A"]
[Site "Willingen"]
[Date "2017.06.06"]
[Round "5"]
[White "Udaykumar, Arunn Mark"]
[Black "Gallasch, Robin"]
[Result "0-1"]
[WhiteElo "1805"]
[BlackElo "1634"]
[PlyCount "84"]
[EventDate "2017.06.04"]
[EventType "swiss"]
[EventRounds "9"]
[EventCountry "GER"]
[SourceTitle "CBM 178 Extra"]
[Source "ChessBase"]
[SourceDate "2017.06.22"]
[SourceVersion "1"]
[SourceVersionDate "2017.06.22"]
[SourceQuality "1"]

1. d4 Nf6 2. Nc3 d5 3. Bg5 e6 4. e4 Be7 5. e5 Nfd7 6. Bxe7 Qxe7 7. f4 c5 8. Nf3 a6 9. Ne2 Nc6 10. c3 0-0 11. a3 c4 12. Ng3 f5 13. Be2 b5 14. Qc2 Rb8 15. Bd1 a5 16. Qe2 Nd8 17. Ng5 Nf7 18. h4 Nxg5 19. hxg5 g6 20. Qf3 Bb7 21. Ne2 Bc6 22. g4 b4 23. gxf5 exf5 24. axb4 axb4 25. Qh3 bxc3 26. bxc3 Ra8 27. Rc1 Rfb8 28. Ng3 Nf8 29. Bc2 Bd7 30. 0-0 Qa3 31. Bxf5 Bxf5 32. Nxf5 gxf5 33. Qxf5 Ra6 34. Qg4 Qb2 35. f5 Ra2 36. Qh3 Qd2 37. Rb1 Qxg5+ 38. Kh1 Rxb1 39. Rxb1 Qf4 40. Re1 Qd2 41. Rg1+ Kh8 42. Qg3 Qh6+ 0-1

[Event "GER-ch U25-A"]
[Site "Willingen"]
[Date "2017.06.04"]
[Round "1"]
[White "Udaykumar, Arunn Mark"]
[Black "Munkhjargal, Narmandakh"]
[Result "0-1"]
[WhiteElo "1805"]
[BlackElo "1957"]
[PlyCount "94"]
[EventDate "2017.06.04"]
[EventType "swiss"]
[EventRounds "9"]
[EventCountry "GER"]
[SourceTitle "CBM 178 Extra"]
[Source "ChessBase"]
[SourceDate "2017.06.22"]
[SourceVersion "1"]
[SourceVersionDate "2017.06.22"]
[SourceQuality "1"]

1. e4 c5 2. Nf3 Nc6 3. d4 cxd4 4. Nxd4 a6 5. Nc3 e6 6. a3 Qc7 7. Be3 Nf6 8. f4 d6 9. h3 b5 10. Nxc6 Qxc6 11. Bd3 Bb7 12. Qe2 Be7 13. Nxb5 0-0 14. Nc3 Rab8 15. 0-0 Ba8 16. Rab1 a5 17. e5 dxe5 18. fxe5 Nd5 19. Nxd5 Qxd5 20. Bf4 Rxb2 21. Rxb2 Qd4+ 22. Kh1 Qxb2 23. Qh5 g6 24. Qh6 Rd8 25. Rd1 Qb7 26. Rd2 Rb8 27. Bg5 Bf8 28. Qh4 Qb1+ 29. Kh2 Bc5 30. Re2 Qg1+ 31. Kg3 Bxa3 32. Qf4 Qa7 33. Qf6 Bf8 34. h4 Bg7 35. Qf1 h5 36. Bf6 Qd4 37. Kh2 Bh6 38. g3 a4 39. Be7 Be3 40. Qe1 Bh6 41. Qf1 Rc8 42. Bd6 Qa7 43. Rf2 a3 44. Bxa3 Qxa3 45. Rxf7 Rf8 46. Bxg6 Bf3 47. Re7 Qxe7 0-1

[Event "Pfalz op-B 8th"]
[Site "Neustadt an der Weinstrasse"]
[Date "2017.02.26"]
[Round "4"]
[White "Udaykumar, Arunn Mark"]
[Black "Guertler, Karl Heinz"]
[Result "1-0"]
[WhiteElo "1750"]
[BlackElo "1906"]
[PlyCount "93"]
[EventDate "2017.02.24"]
[EventType "swiss"]
[EventRounds "7"]
[EventCountry "GER"]
[SourceTitle "CBM 177 Extra"]
[Source "ChessBase"]
[SourceDate "2017.04.27"]
[SourceVersion "1"]
[SourceVersionDate "2017.04.27"]
[SourceQuality "1"]

1. e4 e5 2. d4 d6 3. Nf3 exd4 4. Nxd4 Nf6 5. Nc3 Be7 6. Bc4 0-0 7. 0-0 Nc6 8. h3 Ne5 9. Be2 Re8 10. Bg5 c6 11. Qd2 h6 12. Be3 Bf8 13. f4 Ng6 14. Bd3 Nd7 15. Rf3 Nc5 16. Rg3 Nxd3 17. cxd3 Kh7 18. Rf1 d5 19. f5 Ne5 20. exd5 c5 21. Ne6 fxe6 22. dxe6 Bxe6 23. fxe6 Rxe6 24. d4 cxd4 25. Bxd4 Kh8 26. Qf4 Qe8 27. Ne4 Nc6 28. Bc3 Rd8 29. Qh4 Nd4 30. Rf2 Rxe4 31. Rxf8+ Qxf8 32. Qxe4 Nf5 33. Rf3 Rd1+ 34. Kh2 Qc5 35. Rxf5 Qg1+ 36. Kg3 Rf1 37. Rxf1 Qxf1 38. Qe8+ Kh7 39. Qe4+ Kg8 40. Qd5+ Kh7 41. Qe4+ Kg8 42. Qe8+ Kh7 43. Qe4+ Kg8 44. Qf3 Qb5 45. a3 Qg5+ 46. Kh2 h5 47. Qg3 1-0

[Event "GER-ch U25-A"]
[Site "Willingen"]
[Date "2016.05.21"]
[Round "9"]
[White "Udaykumar, Arunn Mark"]
[Black "Ciolek, Andreas"]
[Result "0-1"]
[WhiteElo "1724"]
[BlackElo "2102"]
[PlyCount "48"]
[EventDate "2016.05.15"]
[EventType "swiss"]
[EventRounds "9"]
[EventCountry "GER"]
[SourceTitle "CBM 172 Extra"]
[Source "ChessBase"]
[SourceDate "2016.06.21"]
[SourceVersion "1"]
[SourceVersionDate "2016.06.21"]
[SourceQuality "1"]

1. h4 e5 2. h5 d5 3. e3 Nc6 4. Nc3 Be6 5. b3 Qd7 6. Bb2 0-0-0 7. Qe2 Nb4 8. Qd1 d4 9. exd4 exd4 10. Ne4 Qc6 11. Bd3 Nxd3+ 12. cxd3 f5 13. Rc1 Qe8 14. Qc2 c6 15. Kf1 fxe4 16. dxe4 Nf6 17. Nf3 d3 18. Qc3 Nxe4 19. Qa5 Kb8 20. b4 Rd5 21. Qa4 Bg4 22. Bd4 Nxd2+ 23. Nxd2 Rxd4 24. Nb3 d2 0-1

[Event "GER-ch U25-A"]
[Site "Willingen"]
[Date "2016.05.19"]
[Round "7"]
[White "Udaykumar, Arunn Mark"]
[Black "Lutter, Maximilian"]
[Result "1-0"]
[WhiteElo "1724"]
[BlackElo "1896"]
[PlyCount "63"]
[EventDate "2016.05.15"]
[EventType "swiss"]
[EventRounds "9"]
[EventCountry "GER"]
[SourceTitle "CBM 172 Extra"]
[Source "ChessBase"]
[SourceDate "2016.06.21"]
[SourceVersion "1"]
[SourceVersionDate "2016.06.21"]
[SourceQuality "1"]

1. b4 e5 2. Bb2 Bxb4 3. Bxe5 Nf6 4. Nf3 0-0 5. e3 d5 6. Be2 c5 7. Bb2 Nc6 8. 0-0 Be6 9. Ng5 Ba5 10. f4 Bc7 11. Nc3 a6 12. Nxe6 fxe6 13. Bg4 Qd6 14. Qf3 e5 15. Ne2 Ne4 16. Rad1 Qg6 17. d3 Nf6 18. Be6+ Kh8 19. Bxd5 Nb4 20. Bb3 e4 21. dxe4 c4 22. Bxc4 Nxc2 23. e5 Ng4 24. Bd3 Qh5 25. h3 Ncxe3 26. Bd4 Nxf1 27. hxg4 Qh2+ 28. Kxf1 Qh1+ 29. Ng1 Rad8 30. Qe4 b5 31. Ke2 Ba5 32. Nh3 1-0

[Event "Baden-ch U18/20"]
[Site "Karlsruhe"]
[Date "2014.01.04"]
[Round "5"]
[White "Frei, Alexander"]
[Black "Udaykumar, Arunn Mark"]
[Result "1-0"]
[WhiteElo "1804"]
[BlackElo "1756"]
[PlyCount "125"]
[EventDate "2014.01.??"]
[EventType "swiss"]
[EventRounds "7"]
[EventCountry "GER"]
[SourceTitle "EXT 2022"]
[Source "ChessBase"]
[SourceDate "2021.10.06"]
[SourceVersion "1"]
[SourceVersionDate "2021.10.06"]
[SourceQuality "1"]

1. e4 e5 2. Nf3 Nc6 3. Nc3 Nf6 4. g3 Bc5 5. Bg2 d6 6. 0-0 a6 7. d3 h6 8. Be3 Ba7 9. Qd2 Be6 10. Bxa7 Nxa7 11. d4 exd4 12. Nxd4 0-0 13. Rad1 Qd7 14. Rfe1 Bh3 15. Bh1 Ng4 16. Nd5 Ne5 17. Qc3 Nac6 18. f4 Nxd4 19. Rxd4 Nc6 20. Rd3 Kh8 21. e5 Rae8 22. exd6 Rxe1+ 23. Qxe1 Qxd6 24. Qc3 Qe6 25. Re3 Qd6 26. g4 Bxg4 27. Rg3 Qe6 28. h3 f5 29. hxg4 fxg4 30. Qe3 Qd7 31. Qd2 Ne7 32. Rd3 Ng6 33. Be4 Nh4 34. Qf2 Qd8 35. Ne3 Qe7 36. Bxb7 Ng6 37. Nd5 Qd6 38. Ra3 Nxf4 39. Nxf4 Rxf4 40. Rd3 Qf6 41. Qg2 Qb6+ 42. Kh1 Qf6 43. Qd2 h5 44. Rd8+ Kh7 45. Qd3+ g6 46. Rd7+ Kh6 47. Qd2 Qh4+ 48. Kg1 Qg3+ 49. Bg2 g5 50. Rd3 Qh4 51. Rd6+ cxd6 52. Qxd6+ Kg7 53. Qe7+ Rf7 54. Qe5+ Kf8 55. Qd6+ Re7 56. Qf6+ Ke8 57. Bc6+ Kd8 58. Qd6+ Kc8 59. Qxe7 Qg3+ 60. Kf1 Qf3+ 61. Bxf3 gxf3 62. Kf2 g4 63. Kg3 1-0

[Event "Baden-ch U18/20"]
[Site "Karlsruhe"]
[Date "2014.01.02"]
[Round "1"]
[White "Udaykumar, Arunn Mark"]
[Black "Ruff, Maximilian"]
[Result "0-1"]
[WhiteElo "1756"]
[BlackElo "2123"]
[PlyCount "40"]
[EventDate "2014.01.??"]
[EventType "swiss"]
[EventRounds "7"]
[EventCountry "GER"]
[SourceTitle "EXT 2022"]
[Source "ChessBase"]
[SourceDate "2021.10.06"]
[SourceVersion "1"]
[SourceVersionDate "2021.10.06"]
[SourceQuality "1"]

1. e4 c5 2. Nf3 a6 3. d4 cxd4 4. Nxd4 Nf6 5. Nc3 e5 6. Nf3 Bb4 7. Bd2 d6 8. Bd3 0-0 9. 0-0 h6 10. Qc1 Nbd7 11. Ne1 Nc5 12. f4 Bxc3 13. Bxc3 Nfxe4 14. fxe5 Nxc3 15. bxc3 dxe5 16. Qe3 Qc7 17. Rf3 f5 18. Bc4+ Be6 19. Bxe6+ Nxe6 20. Nd3 e4 0-1